000 00738nam a2200217 i 4500
001 99129
003 ES-MaACL
005 20250728095553.0
007 t|
008 050902s1977 sp ||||1| spa d
100 1 _aMartín Buezas, Fernando.
_977424
245 1 3 _aLa teología de Sanz del Río y del krausismo español /
_cFernando Martín Buezas; prólogo de Sergio Rábade Romeo.
260 _aMadrid :
_bGredos,
_c1977.
300 _a378 p. ;
_c20 cm.
490 1 _aBiblioteca hispánica de filosofía ;
_v90
650 0 7 _aKrausismo
_2embne
_914040
700 1 _aRábade Romeo, Sergio.
_994831
830 0 _aBiblioteca hispánica de filosofía ;
_v90
_9181000
852 _aES-MaACL
_jL-2343
_bR.103215
999 _c99129
_d99129